<?xml version="1.0" encoding="UTF-8"?>
<record
    xmlns:xsi="http://www.w3.org/2001/XMLSchema-instance"
    xsi:schemaLocation="http://www.loc.gov/MARC21/slim http://www.loc.gov/standards/marcxml/schema/MARC21slim.xsd"
    xmlns="http://www.loc.gov/MARC21/slim">

  <leader>00739nam a22001937a 4500</leader>
  <datafield tag="999" ind1=" " ind2=" ">
    <subfield code="c">187025</subfield>
    <subfield code="d">187025</subfield>
  </datafield>
  <controlfield tag="005">20220328113144.0</controlfield>
  <datafield tag="010" ind1=" " ind2=" ">
    <subfield code="a">UR-11495</subfield>
  </datafield>
  <datafield tag="020" ind1=" " ind2=" ">
    <subfield code="c">500.00</subfield>
    <subfield code="a">9788195074501</subfield>
  </datafield>
  <datafield tag="035" ind1=" " ind2=" ">
    <subfield code="a">U-10050</subfield>
  </datafield>
  <datafield tag="037" ind1=" " ind2=" ">
    <subfield code="b">DBAD/PUB</subfield>
    <subfield code="a">-</subfield>
  </datafield>
  <datafield tag="082" ind1=" " ind2=" ">
    <subfield code="a">920</subfield>
    <subfield code="2">Ist</subfield>
  </datafield>
  <datafield tag="100" ind1=" " ind2=" ">
    <subfield code="a">&#x645;&#x62D;&#x645;&#x62F; &#x627; &#x646;&#x638;&#x631; &#x646;&#x62F; &#x648; &#x6CC; </subfield>
  </datafield>
  <datafield tag="245" ind1=" " ind2=" ">
    <subfield code="a">&#x630; &#x6A9;&#x631; &#x62C;&#x645;&#x64A;&#x644; (&#x62A;&#x632; &#x6A9;&#x631; &#x6C1; &#x633;&#x648; &#x627; &#x646;&#x62D; &#x62D;&#x636;&#x631; &#x62A; &#x635;&#x648; &#x641;&#x6CC; &#x62D;&#x627; &#x62C;&#x6CC; &#x62C;&#x645;&#x64A;&#x644; &#x627; &#x62D;&#x645;&#x62F; &#x631; &#x62D;&#x645;&#x627; &#x646;&#x6CC; )</subfield>
    <subfield code="c"> &#x645;&#x62D;&#x645;&#x62F; &#x627; &#x646;&#x638;&#x631; &#x646;&#x62F; &#x648; &#x6CC; </subfield>
  </datafield>
  <datafield tag="246" ind1=" " ind2=" ">
    <subfield code="b">Zikr-e-Jameel (Urdu)</subfield>
    <subfield code="a">by Mohd.Anzar Nidvi</subfield>
  </datafield>
  <datafield tag="260" ind1=" " ind2=" ">
    <subfield code="a">Hyderabad</subfield>
    <subfield code="b">Al-Ansar Publications</subfield>
    <subfield code="c">2021&#x621;  </subfield>
  </datafield>
  <datafield tag="270" ind1=" " ind2=" ">
    <subfield code="a"># 18-8-253/36A,Jamal colony,Riyasat Nagar,</subfield>
    <subfield code="b">Hyderabad </subfield>
    <subfield code="e">500059</subfield>
    <subfield code="k">09391301192</subfield>
    <subfield code="l">-</subfield>
  </datafield>
  <datafield tag="300" ind1=" " ind2=" ">
    <subfield code="a">464 &#x635;</subfield>
    <subfield code="c">22 Cm(Hb)</subfield>
  </datafield>
  <datafield tag="942" ind1=" " ind2=" ">
    <subfield code="2">ddc</subfield>
    <subfield code="c">UR</subfield>
    <subfield code="h">920</subfield>
    <subfield code="m">&#x645; &#x62D; &#x645; </subfield>
  </datafield>
  <datafield tag="952" ind1=" " ind2=" ">
    <subfield code="0">0</subfield>
    <subfield code="1">0</subfield>
    <subfield code="4">0</subfield>
    <subfield code="7">1</subfield>
    <subfield code="8">NFIC</subfield>
    <subfield code="a">DBAD</subfield>
    <subfield code="b">L</subfield>
    <subfield code="d">2022-03-28</subfield>
    <subfield code="e">DBAD/PUB</subfield>
    <subfield code="g">500.00</subfield>
    <subfield code="l">0</subfield>
    <subfield code="o">920 &#x645; &#x62D; &#x645;</subfield>
    <subfield code="p">U-10050</subfield>
    <subfield code="r">2022-03-28 00:00:00</subfield>
    <subfield code="t">1</subfield>
    <subfield code="v">500.00</subfield>
    <subfield code="w">2022-03-28</subfield>
    <subfield code="y">UR</subfield>
  </datafield>
</record>
